Bl thaï actors #1 - Statistics

General Stats
  • This quiz has been taken 191 times
  • The average score is 10 of 15
Answer Stats
Picture Answer % Correct
Pond
100%
Phuwin
84%
Satang
84%
Mark
82%
Off
79%
Gun
78%
Pavel
73%
Winny
73%
Mix
70%
James
67%
Earth
65%
Net
60%
Ohm
57%
Pooh
57%
Saint
11%
No matching quizzes found
Score Distribution
Percent of People with Each Score
Percentile by Number Answered
Your Score History
You have not taken this quiz